[Event "Titled Tuesday intern op 30th Apr Early"]
[Site "Chess.com INT"]
[Date "2024.04.30"]
[Round "11"]
[White "Soraas, Torben"]
[Black "Gandhi, Shyam"]
[Result "1/2-1/2"]
[WhiteElo "2121"]
[BlackElo "1908"]
[PlyCount "83"]
[EventDate "2024.04.30"]
[EventType "swiss (blitz)"]
[EventRounds "11"]
[EventCountry "USA"]
[SourceTitle "CB19_2024"]
[SourceDate "2024.05.08"]
[SourceVersion "1"]
[SourceVersionDate "2024.05.08"]
[SourceQuality "1"]

1. e4 d5 2. exd5 Qxd5 3. d4 Nf6 4. Nf3 Bg4 5. Be2 e6 6. 0-0 c6 7. Re1 Be7 8. Nbd2 0-0 9. Nf1 Na6 10. Ng3 Rfd8 11. c3 c5 12. h3 Bxf3 13. Bxf3 Qd7 14. Be3 Rac8 15. Qb3 b6 16. Rad1 Qc7 17. Qa4 Nb8 18. dxc5 Bxc5 19. Bxc5 bxc5 20. Ne4 Nxe4 21. Bxe4 g6 22. g3 Qb6 23. b3 Kg7 24. h4 h5 25. Kg2 Nc6 26. Bxc6 Rxd1 27. Rxd1 Qxc6+ 28. Qxc6 Rxc6 29. Rd7 Ra6 30. a4 Rb6 31. Rxa7 Rxb3 32. a5 Rxc3 33. a6 Ra3 34. Rc7 Rxa6 35. Rxc5 Ra3 36. Rb5 f5 37. f4 Ra2+ 38. Kf3 Ra3+ 39. Kf2 Ra2+ 40. Kf3 Ra3+ 41. Kf2 Ra2+ 42. Kf3 1/2-1/2

[Event "Titled Tuesday intern op 30th Apr Early"]
[Site "Chess.com INT"]
[Date "2024.04.30"]
[Round "9"]
[White "Soraas, Torben"]
[Black "Montano Vicente, Guadalupe"]
[Result "1-0"]
[WhiteElo "2121"]
[BlackElo "1819"]
[PlyCount "103"]
[EventDate "2024.04.30"]
[EventType "swiss (blitz)"]
[EventRounds "11"]
[EventCountry "USA"]
[SourceTitle "CB19_2024"]
[SourceDate "2024.05.08"]
[SourceVersion "1"]
[SourceVersionDate "2024.05.08"]
[SourceQuality "1"]

1. e4 c5 2. Nc3 d6 3. g3 g6 4. Bg2 Bg7 5. d3 Nc6 6. Nge2 e6 7. Be3 Nge7 8. Qd2 Rb8 9. 0-0 0-0 10. Bh6 b5 11. Bxg7 Kxg7 12. a3 a5 13. d4 b4 14. axb4 axb4 15. Nd1 cxd4 16. Nxd4 Qb6 17. Nxc6 Qxc6 18. Ne3 Rd8 19. Rfd1 Qc5 20. Ng4 Ng8 21. Ne3 Ne7 22. h4 h5 23. Qd4+ Qxd4 24. Rxd4 Nc6 25. Rd2 Ne5 26. f4 Ng4 27. Nxg4 hxg4 28. Ra7 Rb6 29. Rc7 Ba6 30. Bf1 Bxf1 31. Kxf1 Kf8 32. Ke2 Ke8 33. Rd4 Rd7 34. Rdc4 Rxc7 35. Rxc7 Rb5 36. Kd3 b3 37. c4 Rc5 38. Rxc5 dxc5 39. Kc3 Kd7 40. Kxb3 Kd6 41. e5+ Kc6 42. Ka4 Kb6 43. b4 cxb4 44. Kxb4 Kc6 45. c5 Kc7 46. Kb5 Kb7 47. c6+ Kc7 48. Kc5 Kd8 49. Kd6 Kc8 50. Ke7 Kc7 51. Kxf7 Kxc6 52. Kxe6 1-0

[Event "Titled Tuesday intern op 06th Feb Early"]
[Site "Chess.com INT"]
[Date "2024.02.06"]
[Round "10"]
[White "Manukian, Artak"]
[Black "Soraas, Torben"]
[Result "1-0"]
[WhiteElo "2196"]
[BlackElo "2121"]
[PlyCount "63"]
[EventDate "2024.02.06"]
[EventType "swiss (blitz)"]
[EventRounds "11"]
[EventCountry "USA"]
[SourceTitle "CB07_2024"]
[SourceDate "2024.02.14"]
[SourceVersion "1"]
[SourceVersionDate "2024.02.14"]
[SourceQuality "1"]

1. e4 e6 2. d4 d5 3. e5 c5 4. c3 Nc6 5. Nf3 f5 6. a3 a6 7. b4 cxd4 8. cxd4 b5 9. Bb2 Bd7 10. Nbd2 Nge7 11. Rc1 Nc8 12. Nb3 Nb6 13. Nc5 Bxc5 14. dxc5 Nc4 15. Bxc4 bxc4 16. Nd4 Nxe5 17. 0-0 Nd3 18. Rc2 Ba4 19. Nxe6 Bxc2 20. Nxg7+ Kf8 21. Qxc2 Rg8 22. Ne6+ Kf7 23. Nxd8+ Raxd8 24. Bd4 Rde8 25. Qa4 Nf4 26. Qd7+ Kg6 27. Qd6+ Ne6 28. c6 Kf7 29. Qxd5 Rxg2+ 30. Qxg2 Rg8 31. Qxg8+ Kxg8 32. Be5 1-0

[Event "Titled Tuesday intern op 09th Jan Early"]
[Site "Chess.com INT"]
[Date "2024.01.09"]
[Round "11"]
[White "Ezat, Mohamed Mahmoud"]
[Black "Soraas, Torben"]
[Result "1-0"]
[WhiteElo "2349"]
[BlackElo "2121"]
[PlyCount "73"]
[EventDate "2024.01.09"]
[EventType "swiss (blitz)"]
[EventRounds "11"]
[EventCountry "USA"]
[SourceTitle "CB03_2024"]
[SourceDate "2024.01.17"]
[SourceVersion "1"]
[SourceVersionDate "2024.01.17"]
[SourceQuality "1"]

1. e4 e6 2. d4 d5 3. Nd2 dxe4 4. Nxe4 Nd7 5. Nf3 Ngf6 6. Nxf6+ Nxf6 7. Bd3 b6 8. Qe2 Bb7 9. Bg5 h6 10. Bh4 Qd5 11. a3 Bd6 12. Bxf6 gxf6 13. Bb5+ Ke7 14. Bc4 Qh5 15. 0-0-0 Rhg8 16. d5 Rxg2 17. Rd3 b5 18. Bb3 c5 19. dxe6 c4 20. exf7+ Be5 21. Re3 Bxf3 22. Rxf3 cxb3 23. Rd1 Qg5+ 24. Kb1 Rg1 25. cxb3 Rxd1+ 26. Qxd1 Kxf7 27. Qd5+ Kg6 28. Qe4+ Kf7 29. Qxa8 Qd2 30. Qb7+ Kg6 31. Qe4+ Kf7 32. Qc2 Qd5 33. Rd3 Qh1+ 34. Ka2 Qxh2 35. Rd7+ Ke6 36. Qc8 Qxf2 37. Rd2+ 1-0

[Event "Helsingor Xtracon op"]
[Site "Helsingor"]
[Date "2019.07.28"]
[Round "10"]
[White "Soraas, Torben"]
[Black "Bruaset, Eivind"]
[Result "1-0"]
[WhiteElo "2266"]
[BlackElo "2074"]
[PlyCount "79"]
[EventDate "2019.07.20"]
[EventType "swiss"]
[EventRounds "10"]
[EventCountry "DEN"]
[SourceTitle "CBM 191 Extra"]
[Source "ChessBase"]
[SourceDate "2019.09.30"]
[SourceVersion "1"]
[SourceVersionDate "2019.09.30"]
[SourceQuality "1"]

1. e4 e6 2. d4 d5 3. Nd2 c5 4. exd5 Qxd5 5. Ngf3 cxd4 6. Bc4 Qd6 7. 0-0 Nf6 8. Nb3 Nc6 9. Nbxd4 Nxd4 10. Nxd4 a6 11. Re1 Qc7 12. Qe2 Bd6 13. Bg5 0-0 14. h3 Ne4 15. Bh4 Nc5 16. b4 Na4 17. Bd3 Bxb4 18. Qh5 g6 19. Qh6 Re8 20. Bf6 Bf8 21. Qh4 Bd7 22. Nf3 Nc5 23. Re5 Bg7 24. Ng5 h6 25. Nxf7 Kxf7 26. Bxg6+ Kg8 27. Bxg7 Kxg7 28. Rh5 e5 29. Bxe8 Bxe8 30. Rxh6 Bg6 31. Qg5 Qf7 32. Rd1 Qxf2+ 33. Kh1 Qf6 34. Rxg6+ Qxg6 35. Qxe5+ Kh7 36. Qxc5 Rg8 37. Qf2 Rc8 38. Rd4 Rxc2 39. Qh4+ Kg7 40. Rg4 1-0

[Event "Tromsoe NNM Master"]
[Site "Tromsoe"]
[Date "2017.06.04"]
[Round "5"]
[White "Royset, Pal"]
[Black "Soraas, Torben"]
[Result "1-0"]
[WhiteElo "2218"]
[BlackElo "2193"]
[PlyCount "47"]
[EventDate "2017.06.02"]
[EventType "swiss"]
[EventRounds "6"]
[EventCountry "NOR"]
[SourceTitle "EXT 2024"]
[Source "ChessBase"]
[SourceDate "2023.10.10"]
[SourceVersion "1"]
[SourceVersionDate "2023.10.10"]
[SourceQuality "1"]

1. e4 e6 2. d4 d5 3. Nc3 dxe4 4. Nxe4 Nd7 5. Bd3 Ngf6 6. Qe2 c5 7. Nxf6+ Nxf6 8. dxc5 Bxc5 9. Nf3 0-0 10. Bg5 h6 11. Bh4 Qc7 12. Bg3 Qe7 13. Ne5 b6 14. 0-0-0 Bb7 15. Bh4 Bd4 16. Bh7+ Kxh7 17. Rxd4 Qc5 18. Rhd1 Ba6 19. c4 Qa5 20. Kb1 Rac8 21. Qd3+ Kh8 22. Bxf6 gxf6 23. Rh4 f5 24. Qe3 1-0

[Event "Barcelona Sants op 17th"]
[Site "Barcelona"]
[Date "2015.08.27"]
[Round "7"]
[White "Soraas, Torben"]
[Black "Hernando Rodrigo, Julio Antonio"]
[Result "0-1"]
[WhiteElo "2194"]
[BlackElo "2389"]
[PlyCount "108"]
[EventDate "2015.08.21"]
[EventType "swiss"]
[EventRounds "10"]
[EventCountry "ESP"]
[SourceTitle "EXT 2016"]
[Source "ChessBase"]
[SourceDate "2015.10.08"]
[SourceVersion "1"]
[SourceVersionDate "2015.10.08"]
[SourceQuality "1"]

1. e4 e6 2. d4 d5 3. Nd2 c5 4. exd5 exd5 5. Ngf3 Nc6 6. Bb5 Bd6 7. dxc5 Bxc5 8. Nb3 Bd6 9. 0-0 Nge7 10. Bg5 0-0 11. Bh4 Bg4 12. Re1 Re8 13. Bd3 h6 14. Bg3 Bxg3 15. hxg3 Qb6 16. Qd2 Rad8 17. Qf4 Bxf3 18. gxf3 Qb4 19. Qc7 Rc8 20. Qd7 Red8 21. Qg4 Qd6 22. Rad1 Qf6 23. f4 Qxb2 24. Nd4 Kf8 25. Nxc6 Rxc6 26. Rb1 Qc3 27. Re5 Rc7 28. Rbe1 Nc6 29. Qh4 Rb8 30. R5e3 Qf6 31. Qh2 Re7 32. Rxe7 Nxe7 33. g4 Qc3 34. Re3 d4 35. Rh3 Re8 36. g5 Ng8 37. f5 Qe1+ 38. Kg2 Qe5 39. f4 Qe1 40. Rf3 Re3 41. f6 Rxf3 42. Kxf3 Qe3+ 43. Kg4 h5+ 44. Kxh5 Qf3+ 45. Kh4 gxf6 46. g6 fxg6 47. Bxg6 Ne7 48. f5 Nxg6+ 49. fxg6 Kg7 50. Qb8 Qe4+ 51. Kh3 Qf5+ 52. Kh4 Qe4+ 53. Kh3 a6 54. Qc8 Kxg6 0-1

[Event "NOR North-ch"]
[Site "Tromsoe"]
[Date "2015.05.22"]
[Round "5"]
[White "Machlik, Edit"]
[Black "Soraas, Torben"]
[Result "0-1"]
[WhiteElo "2030"]
[BlackElo "2154"]
[PlyCount "100"]
[EventDate "2015.05.22"]
[EventType "swiss"]
[EventRounds "6"]
[EventCountry "NOR"]
[SourceTitle "EXT 2024"]
[Source "ChessBase"]
[SourceDate "2023.10.10"]
[SourceVersion "1"]
[SourceVersionDate "2023.10.10"]
[SourceQuality "1"]

1. d4 Nf6 2. c4 c5 3. d5 b5 4. cxb5 a6 5. Nc3 axb5 6. e4 b4 7. Nb5 d6 8. Bf4 g5 9. Bxg5 Nxe4 10. Bf4 Nf6 11. Bc4 Bg7 12. Qd2 0-0 13. Ne2 Nbd7 14. 0-0 Nb6 15. b3 Qd7 16. Ng3 Ba6 17. a4 bxa3 18. Nxa3 Nbxd5 19. Bh6 Bxh6 20. Qxh6 Qg4 21. h4 Nf4 22. Rfe1 Bxc4 23. Nxc4 Rxa1 24. Rxa1 N6h5 25. Ne3 Qg7 26. Qxg7+ Nxg7 27. Ngf5 Nxf5 28. Nxf5 Re8 29. Re1 Kf8 30. g4 Ne6 31. h5 Nd4 32. Nxd4 cxd4 33. Rb1 Rb8 34. b4 Rb5 35. Kf1 e5 36. Ke2 Ke7 37. f4 Ke6 38. Kf3 Kd5 39. f5 f6 40. h6 e4+ 41. Kf4 d3 42. g5 fxg5+ 43. Kxg5 d2 44. f6 Rxb4 45. Rd1 e3 46. f7 Rb8 47. Rb1 Rf8 48. Kf6 e2 49. Kg7 Rxf7+ 50. Kxf7 e1Q 0-1

[Event "Harstad op"]
[Site "Harstad"]
[Date "2011.10.06"]
[Round "2"]
[White "Jensen, Paul Johan"]
[Black "Soraas, Torben"]
[Result "0-1"]
[WhiteElo "1900"]
[BlackElo "2131"]
[PlyCount "52"]
[EventDate "2011.10.05"]
[EventType "swiss"]
[EventRounds "6"]
[EventCountry "NOR"]
[SourceTitle "EXT 2012"]
[Source "ChessBase"]
[SourceDate "2011.11.24"]
[SourceVersion "1"]
[SourceVersionDate "2011.11.24"]
[SourceQuality "1"]

1. c4 c5 2. Nc3 Nc6 3. g3 g6 4. Bg2 Bg7 5. d3 e5 6. Be3 d6 7. Nd5 h6 8. Qd2 Nge7 9. Nxe7 Nxe7 10. f4 Nf5 11. Bf2 exf4 12. gxf4 0-0 13. Nf3 Rb8 14. e4 Ne7 15. 0-0 Bg4 16. Nh4 Nc6 17. h3 Bh5 18. Bf3 Bf6 19. Bxh5 Bxh4 20. Bg4 b5 21. Be3 Bf6 22. e5 dxe5 23. Bxc5 Re8 24. f5 g5 25. Bf3 e4 26. Bg2 bxc4 0-1

[Event "Arctic Chess Challenge"]
[Site "Tromsoe"]
[Date "2010.08.05"]
[Round "6"]
[White "Barr, Steven"]
[Black "Soraas, Torben"]
[Result "0-1"]
[WhiteElo "1893"]
[BlackElo "2139"]
[PlyCount "102"]
[EventDate "2010.07.31"]
[EventType "swiss"]
[EventRounds "9"]
[EventCountry "NOR"]
[SourceTitle "CBM 137 Extra"]
[Source "ChessBase"]
[SourceDate "2010.09.01"]
[SourceVersion "1"]
[SourceVersionDate "2010.09.01"]
[SourceQuality "1"]

1. d4 Nf6 2. c4 c5 3. d5 b5 4. Nf3 g6 5. cxb5 a6 6. b6 Bg7 7. Nc3 d6 8. e4 Nbd7 9. a4 a5 10. Be2 0-0 11. 0-0 Qxb6 12. h3 Ne8 13. Ra2 Nc7 14. Bf4 Rb8 15. Qd2 Rd8 16. Bh6 Bh8 17. h4 Ba6 18. Re1 Rb7 19. h5 Rdb8 20. hxg6 hxg6 21. Bf4 Ne5 22. Nxe5 Bxe5 23. Bxe5 dxe5 24. Qg5 Bxe2 25. Rxe2 Qd6 26. f4 exf4 27. e5 Qb6 28. e6 c4+ 29. Kf1 Kg7 30. exf7 Qf6 31. f8Q+ Kxf8 32. Qh6+ Kg8 33. Ne4 Qd4 34. Ng5 Qf6 35. Qh7+ Kf8 36. Rxe7 Nxd5 37. Rxb7 Ne3+ 38. Ke2 Rxb7 39. Qxb7 Qxg5 40. Qa8+ Kg7 41. Ra1 Qe7 42. Rh1 Nxg2+ 43. Kf2 Nh4 44. Re1 Qc5+ 45. Kf1 Nf5 46. Re8 Qd4 47. Qb7+ Kh6 48. Qh1+ Kg5 49. Qg1+ Ng3+ 50. Kg2 f3+ 51. Kh2 Qh4# 0-1